Países mais próximos a Myanmar - Statistics

Estatísticas Gerais
  • Esse quiz foi jogado 53 vezes
  • A pontuação média é 17 de 20
Estatísticas das Respostas
km país % Correto
0 Laos
100%
126 Vietname
100%
0 Índia
98%
0 China
95%
405 Malásia
95%
590 Nepal
95%
539 Indonésia
93%
1629 Sri Lanka
93%
0 Tailândia
93%
0 Bangladesh
91%
1780 Brunei
91%
297 Butão
91%
324 Camboja
91%
1994 Paquistão
86%
1109 Singapura
86%
2055 Filipinas
82%
1767 Taiwan
80%
1576 Mongólia
77%
2170 Quirguistão
45%
2179 Cazaquistão
43%
Nenhum quiz correspondente encontrado
Distribuição das Pontuações
Porcentagem de Pessoas com Cada Pontuação
Percentil de Números Respondidos
Sua Pontuação Histórica
Você não jogou esse quiz